skbl

Dr Suryya Kumar Bhuyan Library Web-OPAC
ডঃ সূৰ্য্য
কুমাৰ ভূঞা পুথিভঁৰাল ৱেব-অ'পেক

All Research Scholars are advised to clear the annual library fees to continue using Library Resources, Remote Access, Plagiarism Test and Library Clearance.

Cotton University Book Fair 2026

Theory and Problems of Programming With Pascal / (Record no. 25957)

MARC details
000 -LEADER
fixed length control field 00793nam a2200277Ia 4500
001 - CONTROL NUMBER
control field 25975
005 - DATE AND TIME OF LATEST TRANSACTION
control field 20240114000905.0
007 - PHYSICAL DESCRIPTION FIXED FIELD--GENERAL INFORMATION
fixed length control field ta
008 - FIXED-LENGTH DATA ELEMENTS--GENERAL INFORMATION
fixed length control field 060503s1993 g b000 u 465 u
040 ## - CATALOGING SOURCE
Original cataloging agency Cotton College,Assam
041 ## - LANGUAGE CODE
Language code of text/sound track or separate title 465
082 ## - DEWEY DECIMAL CLASSIFICATION NUMBER
Classification number 001.642
Item number Go 71 Th
100 ## - MAIN ENTRY--PERSONAL NAME
Personal name Gottfried, Byron S. .
245 #0 - TITLE STATEMENT
Title Theory and Problems of Programming With Pascal /
Statement of responsibility, etc. Byron S.Gottfried.
Medium Textual Documents
250 ## - EDITION STATEMENT
Edition statement 1st ed. /
260 ## - PUBLICATION, DISTRIBUTION, ETC.
Place of publication, distribution, etc. New Delhi :
Name of publisher, distributor, etc. Tata Mcgraw-Hill Publishing Company Ltd ,
Date of publication, distribution, etc. 1993.
300 ## - PHYSICAL DESCRIPTION
Extent 428p. ;
Dimensions 22cm.
440 ## - SERIES STATEMENT/ADDED ENTRY--TITLE
Title Schaum`s Outline ,
490 ## - SERIES STATEMENT
Series statement Schaum`s Outline ,
653 ## - INDEX TERM--UNCONTROLLED
Uncontrolled term Computer Programming-Pascal
653 ## - INDEX TERM--UNCONTROLLED
Uncontrolled term Pascal
653 ## - INDEX TERM--UNCONTROLLED
Uncontrolled term G-Computer Science
942 ## - ADDED ENTRY ELEMENTS (KOHA)
Source of classification or shelving scheme Dewey Decimal Classification
Koha item type Books
Holdings
Withdrawn status Lost status Damaged status Not for loan Collection Home library Current library Date acquired Coded location qualifier Total checkouts Full call number Barcode Date last seen Copy number Price effective from Koha item type
          Dr. Suryya Kumar Bhuyan Library Dr. Suryya Kumar Bhuyan Library 01/02/2012 00000   001.642 Go 71 Th 88875 14/01/2024 1 01/02/2012 Books

Designed and Maintained by Team SKBL
©1901-2026

Powered by Koha